| 000 | 01318nam a22002177a 4500 | ||
|---|---|---|---|
| 999 |
_c59084 _d59084 |
||
| 003 | Ge_BSU | ||
| 005 | 20221122120143.0 | ||
| 008 | 221122s1977ge xxu||||| |||| 00| 0 geo d | ||
| 041 | _ageo | ||
| 080 | _a821.511.112-13 + 821.511.111-13 კ-18 | ||
| 245 |
_aკალევალა : _b კარელურ-ფინური ხალხური ეპოსი _c [ო. კუუსინენის გამოკვლევით: ეპოსი "კალევალა" და მისი შემქმნელები] / მთარგმნ.: მ. მაჭავარიანი, შ. ჩანტლაძე, გ.ძნელაძე . |
||
| 264 |
_aთბილისი: _b საბჭ. საქართველო, _c1977. |
||
| 300 |
_a665 გვ. ; _b21 სმ. |
||
| 440 |
_aმსოფლიო ლიტერატურის ბიბლიოთეკა ; ტ. 10 _915981 |
||
| 653 | _aკალევალა | ||
| 653 | _aმხატვრული ლიტეარტურა | ||
| 700 |
_a მაჭავარიანი, მ. _qმთარგმნელი _915982 |
||
| 700 |
_a ჩანტლაძე, შ _eმთარგმნელი _915983 |
||
| 700 |
_aძნელაძე, გ. _eმთარგმნელი _915984 |
||
| 942 |
_2udc _cBK |
||